000 00633nam a2200169 i 4500
001 20544
003 ES-MaACL
005 20230906152325.0
007 t|
008 021114s1969 sp ||||1| spa d
245 0 0 _aAceros de cementación
_b: relación entre propiedades, composición y estructura /
_cRafael Calvo Rodés... [et al.].
260 _aMadrid :
_bInstituto Nacional de Tecnica Aeroespacial "Esteban Terradas",
_c1969.
300 _aXI, 221 p. :
_bil. ;
_c24 cm.
700 1 _aCalvo Rodes, Rafael.
_933906
710 2 _aInstituto Nacional de Técnica Aeroespacial (España)
_95191
852 _aES-MaACL
_jC-37855
_bR.71734
999 _c20544
_d20544